[Event "US Open-111"]
[Site "Irvine"]
[Date "2010.08.08"]
[Round "9"]
[White "Cornejo, Max"]
[Black "Wagner, Carl E"]
[Result "1-0"]
[WhiteElo "2409"]
[BlackElo "2169"]
[PlyCount "73"]
[EventDate "2010.07.31"]
[EventType "swiss"]
[EventRounds "9"]
[EventCountry "USA"]
[SourceTitle "CBM 137 Extra"]
[Source "ChessBase"]
[SourceDate "2010.09.01"]
[SourceVersion "1"]
[SourceVersionDate "2010.09.01"]
[SourceQuality "1"]

1. e4 c5 2. c3 Nf6 3. e5 Nd5 4. d4 cxd4 5. cxd4 d6 6. Bc4 Nb6 7. Bb5+ Bd7 8. e6 Bxb5 9. Qh5 Qc8 10. Qxb5+ Qc6 11. exf7+ Kxf7 12. Qg5 N8d7 13. Nc3 Nf6 14. Nge2 e6 15. 0-0 Be7 16. Re1 Rhe8 17. Nf4 Bf8 18. Be3 Re7 19. Rac1 Qd7 20. h3 Rc8 21. Nh5 Nfd5 22. Ne4 Rxc1 23. Rxc1 Re8 24. Qg3 Qe7 25. Nxg7 Bxg7 26. Nxd6+ Kf8 27. Nxe8 Kxe8 28. Qb8+ Kf7 29. Qxa7 Nxe3 30. fxe3 Nd5 31. Qb8 Bh6 32. Rf1+ Kg7 33. Qe5+ Kg8 34. e4 Nc7 35. Kh1 Bg7 36. Qg3 Qd7 37. b3 1-0

[Event "Southern California-ch cand"]
[Site "Garden Grove"]
[Date "2007.06.23"]
[Round "2"]
[White "Wagner, Carl E"]
[Black "Liu, Elliott"]
[Result "1/2-1/2"]
[WhiteElo "2186"]
[BlackElo "2260"]
[PlyCount "56"]
[EventDate "2007.06.23"]
[EventType "swiss"]
[EventRounds "4"]
[EventCountry "USA"]
[SourceTitle "EXT 2014"]
[Source "ChessBase"]
[SourceDate "2013.11.20"]
[SourceVersion "1"]
[SourceVersionDate "2013.11.20"]
[SourceQuality "1"]

1. e4 c5 2. Nf3 e6 3. d4 cxd4 4. Nxd4 Nf6 5. Nc3 Nc6 6. Ndb5 d6 7. Bf4 e5 8. Bg5 a6 9. Na3 b5 10. Bxf6 gxf6 11. Nd5 f5 12. exf5 Bxf5 13. c3 Bg7 14. Nc2 0-0 15. Nce3 Be6 16. Bd3 f5 17. Qh5 e4 18. Bc2 Ne7 19. Rd1 b4 20. 0-0 bxc3 21. bxc3 Nxd5 22. Nxd5 Kh8 23. f3 Be5 24. fxe4 f4 25. Rb1 Ra7 26. Qh6 Bxd5 27. exd5 Rg7 28. Be4 Qe7 1/2-1/2

[Event "Wch Seniors 16th"]
[Site "Arvier"]
[Date "2006.09.20"]
[Round "9"]
[White "Ofstad, Per"]
[Black "Wagner, Carl E"]
[Result "1/2-1/2"]
[WhiteElo "2151"]
[BlackElo "2209"]
[PlyCount "111"]
[EventDate "2006.09.11"]
[EventType "swiss"]
[EventRounds "11"]
[EventCountry "ITA"]
[SourceTitle "CBM 114 Extra"]
[Source "ChessBase"]
[SourceDate "2006.11.03"]
[SourceVersion "1"]
[SourceVersionDate "2006.11.03"]
[SourceQuality "1"]

1. e4 c5 2. c3 Nf6 3. e5 Nd5 4. g3 d6 5. exd6 e6 6. Bg2 Bxd6 7. Ne2 Nc6 8. d4 cxd4 9. Nxd4 Nxd4 10. Qxd4 0-0 11. 0-0 Qc7 12. Nd2 Rd8 13. Qc4 Rb8 14. Qxc7 Bxc7 15. Nc4 b5 16. Ne3 Nb6 17. Nc2 Nd5 18. Rd1 Bb7 19. Be3 Nxe3 20. Nxe3 Bxg2 21. Kxg2 Kf8 22. Kf3 Ke7 23. h3 Rb6 24. Rxd8 Bxd8 25. Rd1 Rd6 26. Rxd6 Kxd6 27. c4 a6 28. cxb5 axb5 29. Ke4 Bb6 30. f3 f5+ 31. Kd3 g6 32. Nd1 Bg1 33. a3 Bh2 34. Nc3 Kc5 35. Ne2 g5 36. g4 Be5 37. b3 h6 38. a4 bxa4 39. bxa4 Bc7 40. Nd4 fxg4 41. hxg4 Kd5 42. Nb3 Ke5 43. a5 Kf4 44. a6 Bb6 45. Ke2 e5 46. Nd2 Bc5 47. Ne4 Ba7 48. Nf6 Kg3 49. Ng8 e4 50. fxe4 Kxg4 51. Nxh6+ Kf4 52. Kd3 g4 53. Nf5 Ke5 54. Ng3 Kf4 55. Ne2+ Ke5 56. Ng3 1/2-1/2

[Event "Wch Seniors 15th"]
[Site "Lignano Sabbiadoro"]
[Date "2005.10.06"]
[Round "8"]
[White "Loktiev, Ivan"]
[Black "Wagner, Carl E"]
[Result "1/2-1/2"]
[WhiteElo "2396"]
[BlackElo "2189"]
[PlyCount "267"]
[EventDate "2005.09.28"]
[EventType "swiss"]
[EventRounds "11"]
[EventCountry "ITA"]
[SourceTitle "CBM 108 Extra"]
[Source "ChessBase"]
[SourceDate "2005.11.04"]
[SourceVersion "1"]
[SourceVersionDate "2005.11.04"]
[SourceQuality "1"]

1. d4 Nf6 2. c4 c5 3. dxc5 Na6 4. Nc3 Nxc5 5. g3 Nce4 6. Nxe4 Nxe4 7. Bg2 Qa5+ 8. Kf1 Nf6 9. Qd4 d6 10. Bd2 Qc7 11. Rc1 Bd7 12. e4 Bc6 13. Ne2 e6 14. h3 Be7 15. Kg1 0-0 16. Kh2 Rfd8 17. Rhd1 a6 18. Nc3 Qb8 19. a3 Qa7 20. Qxa7 Rxa7 21. Be3 Raa8 22. Bb6 Rdc8 23. f3 Nd7 24. Bd4 h6 25. Kg1 Nc5 26. Be3 Na4 27. b3 Nxc3 28. Rxc3 Be8 29. Rdc1 b5 30. cxb5 Rxc3 31. Rxc3 axb5 32. b4 Bf6 33. Rd3 Ra6 34. Bf4 Be5 35. Bxe5 dxe5 36. Bf1 Kf8 37. Kf2 Ke7 38. Ke3 Rc6 39. Rb3 Rc1 40. Bd3 Rc7 41. Kd2 Kd6 42. Bc2 Ke7 43. Kc1 Kd6 44. Kb2 Rc8 45. Rd3+ Ke7 46. Rd1 Ra8 47. Bb3 Ra6 48. Rc1 Rc6 49. Rc5 Rd6 50. Rc2 Rd3 51. Rf2 Bc6 52. Bc2 Rd6 53. Kc3 Be8 54. Bd3 Ra6 55. Ra2 Kd6 56. Kb3 Ra7 57. Rd2 Ke7 58. Rc2 Rb7 59. Rc5 Kd6 60. Rc8 Ke7 61. Be2 Rb6 62. Kb2 Rb7 63. Kc3 Rb6 64. Rc7+ Bd7 65. Kb3 Kd6 66. Ra7 Ke7 67. Bd3 Rb8 68. Bc2 Kd6 69. Kc3 Rc8+ 70. Kd2 Rc7 71. Ra5 Rb7 72. Bd3 Be8 73. Ra6+ Ke7 74. Ke3 Bd7 75. f4 exf4+ 76. gxf4 g6 77. h4 h5 78. e5 Rc7 79. Kd4 Rc1 80. Ra7 Ke8 81. Rb7 Ra1 82. Bxb5 Bxb5 83. Rxb5 Rxa3 84. Rb8+ Ke7 85. Rb7+ Kf8 86. b5 Ra4+ 87. Kc5 Rxf4 88. b6 Rf1 89. Rc7 Rb1 90. b7 Kg7 91. Kc6 g5 92. Rc8 gxh4 93. b8Q Rxb8 94. Rxb8 Kg6 95. Kd6 Kg5 96. Ke7 Kf4 97. Kxf7 Kxe5 98. Kg6 Kf4 99. Kxh5 h3 100. Rb3 e5 101. Rxh3 e4 102. Rh4+ Kf3 103. Kg5 e3 104. Rh3+ Kf2 105. Kf4 e2 106. Rh2+ Kf1 107. Kf3 e1N+ 108. Kg3 Nd3 109. Rd2 Nc5 110. Rd5 Ne6 111. Kf3 Kg1 112. Ke4 Kf2 113. Kf5 Nc7 114. Rc5 Na6 115. Rc4 Ke3 116. Ke5 Kd2 117. Kd5 Kd3 118. Rh4 Nc7+ 119. Kd6 Nb5+ 120. Kc5 Nc3 121. Rh3+ Kd2 122. Kc4 Ne2 123. Rd3+ Kc2 124. Rd8 Nc3 125. Rh8 Ne2 126. Rh2 Kd2 127. Kd5 Ke3 128. Ke5 Kf3 129. Rh8 Ke3 130. Rh3+ Kd2 131. Ke4 Nc3+ 132. Kd4 Ne2+ 133. Kc4 Nf4 134. Rd3+ 1/2-1/2